|
|
|
|
| LEADER |
00000cam a2200000 4500 |
| 001 |
vtls011598595 |
| 003 |
SK-MaSNL |
| 005 |
20260301042511.0 |
| 008 |
200228s2016 xo oa cr 000 0 slo |
| 015 |
|
|
|a SNBA2019/07
|
| 020 |
|
|
|a 9788055151212 (viazané)
|
| 035 |
|
|
|a urn:nbn:sk:snk-am00ddl4
|
| 035 |
|
|
|a urn:nbn:sk:snk-am3hykr
|
| 035 |
|
|
|a 518A79B8-278C-402E-ADF1-63FAC5E9E536
|
| 040 |
|
|
|a SNK
|b slo
|c SNK
|e rda
|
| 041 |
1 |
|
|a slo
|h eng
|
| 044 |
|
|
|a xo
|c SK
|
| 072 |
|
7 |
|a 791
|x Film. Cirkus. Ľudová zábava
|2 konspekt
|
| 080 |
|
|
|a 791.221.8
|2 2011
|
| 080 |
|
|
|a 791-5
|2 2011
|
| 080 |
|
|
|a (036)
|2 2011
|
| 240 |
0 |
0 |
|a Harry Potter: Hermiona Grangerová - cinematic guide
|l Slovensky
|
| 245 |
0 |
0 |
|a Harry Potter
|b Hermiona Grangerová: sprievodca k filmom
|c z angl. orig. ... preložila Oľga Královičová
|
| 246 |
3 |
0 |
|a Hermiona Grangerová
|
| 264 |
|
1 |
|a Bratislava
|b Ikar
|c 2016
|
| 300 |
|
|
|a 63 strán
|b farebné fotografie
|c 23 cm
|
| 336 |
|
|
|a text
|b txt
|2 rdacontent
|
| 336 |
|
|
|a statický obraz
|b sti
|2 rdacontent
|
| 337 |
|
|
|a bez média
|b n
|2 rdamedia
|
| 338 |
|
|
|a zväzok
|b nc
|2 rdacarrier
|
| 600 |
1 |
7 |
|a Granger, Hermiona (fiktívna postava)
|2 SNKMA
|9 345849
|
| 630 |
0 |
7 |
|a Harry Potter (film)
|2 SMKPH
|9 345850
|
| 650 |
0 |
7 |
|a fantasy filmy
|2 SNKPH
|9 138623
|
| 650 |
0 |
7 |
|a filmové postavy
|2 SNKPH
|9 89979
|
| 650 |
0 |
7 |
|a Fantasy films
|2 SNKPHeng
|9 313296
|
| 650 |
0 |
7 |
|a Film characters
|2 SNKPHeng
|9 313297
|
| 655 |
|
7 |
|a informačné publikácie
|2 SNKPH
|9 70181
|
| 700 |
1 |
|
|a Kralovičová, Oľga,
|d 1957-
|4 trl
|9 86544
|
| 700 |
1 |
|
|a Baker, Felicity
|4 oth
|9 345851
|
| 852 |
|
|
|a Štátna vedecká knižnica v Banskej Bystrici
|
| 919 |
|
|
|a 978-80-551-5121-2
|
| 958 |
|
|
|a UP
|
| 968 |
|
|
|b ENG
|
| 999 |
|
|
|c 591122
|d 593052
|
| 952 |
|
|
|a SNK
|b SNK
|y PREZ
|7 0
|p 17A1373746
|o snkSC 184800
|i snk2019/17194
|8 0
|0 0
|1 0
|4 0
|d 2019-06-25
|f 1
|l 0
|r 2026-02-23 15:24:09
|w 2026-02-23
|
| 952 |
|
|
|a SNK
|b SNK
|y VYP
|7 0
|p 17A1373758
|o snkSC 184800 D1
|i snk2019/17311
|8 0
|0 0
|1 0
|4 0
|d 2019-06-26
|l 0
|r 2026-02-23 15:24:09
|w 2026-02-23
|